| 000 | 00498nam a2200169 4500 | ||
|---|---|---|---|
| 001 | 14206 | ||
| 005 | 20230410120849.0 | ||
| 008 | 060907n2002 dr spa | ||
| 020 | _a9993483257 | ||
| 035 | _9funglode14328 | ||
| 041 | _aES | ||
| 050 | 1 | 4 | _aJA 69 P273 2002 |
| 245 | 0 |
_aParticipación y representación : _bla ciudadanía a la búsqueda de la política / _cLeopoldo Artiles Gil [et,al] |
|
| 260 |
_aSanto Domingo : _bPUCMM-CUEPS, _c2002 |
||
| 300 | _a278 p. | ||
| 942 |
_2lcc _cbk |
||
| 999 |
_c53379 _d53379 |
||